Central Library OPAC University of Rajshahi

The life and work of Muhammad Jalal-ud-Din Rumi / (Record no. 65208)

MARC details
000 -LEADER
fixed length control field 00823nam a2200253 a 4500
001 - CONTROL NUMBER
control field 65208
003 - CONTROL NUMBER IDENTIFIER
rucl marc code BD-RjUL
005 - DATE AND TIME OF LATEST TRANSACTION
control field 20211209081410.0
008 - FIXED-LENGTH DATA ELEMENTS--GENERAL INFORMATION
fixed length control field 170301s1964 pk ac b 001 0 eng d
035 ## - SYSTEM CONTROL NUMBER
System control number (BD-RjUL)65338
040 ## - CATALOGING SOURCE
Original cataloging agency CLA
Transcribing agency CLA
Modifying agency BD-RjUL
Language of cataloging eng
041 ## - LANGUAGE CODE
Language code of text/sound track or separate title eng
082 ## - DEWEY DECIMAL CLASSIFICATION NUMBER
Edition number 23
Classification number 891.5511
Author mark and year IQL 1964
100 1# - MAIN ENTRY--PERSONAL NAME
Personal name Iqbal, Afzal.
9 (RLIN) 190938
245 14 - TITLE STATEMENT
Title The life and work of Muhammad Jalal-ud-Din Rumi /
Statement of responsibility, etc. With a foreword by A.J. Arberry.
250 ## - EDITION STATEMENT
Edition statement 2d rev. ed.
260 ## - PUBLICATION, DISTRIBUTION, ETC. (IMPRINT)
Place of publication, distribution, etc. Lahore :
Name of publisher, distributor, etc. Institute of Islamic Culture,
Date of publication, distribution, etc. 1964
300 ## - PHYSICAL DESCRIPTION
Pagination xv, 196 p. :
Illustrations ill. ;
Size 22 cm.
504 ## - BIBLIOGRAPHY, ETC. NOTE
Bibliography, etc Includes bibliographical references.
600 00 - SUBJECT ADDED ENTRY--PERSONAL NAME
Personal name Jalal al-Din Rumi,
Titles and other words associated with a name Maulana,
Dates associated with a name 1207-1273.
700 0# - ADDED ENTRY--PERSONAL NAME
Personal name Jalal al-Din Rumi,
Dates associated with a name 1207-1273.
Personal name Arberry, A. J.
942 ## - ADDED ENTRY ELEMENTS (KOHA)
Source of classification or shelving scheme Dewey Decimal Classification
Koha item type Books
Holdings
Lost status Source of classification or shelving scheme Damaged status Not for loan Collection code Permanent Location Current Location Shelving location Date acquired Source of acquisition Cost, normal purchase price Total Checkouts Full call number Date last seen Copy number Koha item type
  Dewey Decimal Classification   Not For Loan Non-fiction Central Library, University of Rajshahi Central Library, University of Rajshahi Reading Room 06/12/1966 Royal book co. Karachi 10.00   891.5511 IQL 1964 01/03/2017 C-1 Books